Generace Y - mladí lidé v hledáčku českých firem

V poslednej dobe sa vo svetových i českých médiách objavuje pojem Generacia Y. Kto sú títo ľudia a ako môžu ovplyvniť marketing firiem, príklad Česka.

Salvato in:
Dettagli Bibliografici
Autore principale: Havlová, Kathryn
Natura: Capitolo di libro
Lingua:ceco
Soggetti:
Tags: Aggiungi Tag
Nessun Tag, puoi essere il primo ad aggiungerne!!

MARC

LEADER 00000naa$a2200000$$$4500
001 0109035
005 20231114080224.9
041 0 |a cze 
044 |a CZ 
245 1 0 |a Generace Y - mladí lidé v hledáčku českých firem  |c Kathryn Havlová 
520 |a V poslednej dobe sa vo svetových i českých médiách objavuje pojem Generacia Y. Kto sú títo ľudia a ako môžu ovplyvniť marketing firiem, príklad Česka. 
610 2 0 |a podnikanie 
610 2 0 |a firmy 
610 2 0 |a mladiství 
610 2 0 |a marketing 
610 2 0 |a Česko 
610 2 0 |a USA 
100 1 |a Havlová, Kathryn